000 00425nam a22001697a 4500
003 MACL
005 20160116135834.0
008 160116b xxu||||| |||| 00| 0 eng d
040 _cMACL
041 _aEnglish
082 _a310/FEY
100 _aFeynman,Richard P.
_932865
245 _aStatistical Mechanics A Set of Lectures
260 _aKolkata
_bLevant Books
_c2008
650 _aStatistical
_932866
942 _2ddc
_cBK
999 _c52620
_d52620